| 000 | 00880cam a2200253 i 4500 | ||
|---|---|---|---|
| 999 |
_c8839 _d8839 |
||
| 003 | OSt | ||
| 005 | 20210223174143.0 | ||
| 008 | 160804s2017 nyuab b 001 0 eng | ||
| 010 | _a 2016035804 | ||
| 020 | _a9781138188358 (pbk.) | ||
| 040 |
_aDLC _beng _erda _cDLC _dDLC |
||
| 042 | _apcc | ||
| 082 | 0 | 0 |
_a711/.4 _223 |
| 100 | 1 |
_aLang, Jon T., _eauthor. |
|
| 245 | 1 | 0 |
_aUrban design : _ba typology of procedures and products : illustrated with over 50 case studies / _cJon Lang. |
| 250 | _aSecond edition. | ||
| 300 |
_axvii, 236 pages : _billustrations, maps ; _c28 cm |
||
| 504 | _aIncludes bibliographical references and index. | ||
| 650 | 0 | _aCity planning. | |
| 650 | 0 |
_aCity planning _vCase studies. |
|
| 906 |
_a7 _bcbc _corignew _d1 _eecip _f20 _gy-gencatlg |
||
| 942 | _2ddc | ||